| 000 | 00570nam a2200193 i 4500 | ||
|---|---|---|---|
| 001 | 175906 | ||
| 003 | ES-MaACL | ||
| 005 | 20250629063146.0 | ||
| 007 | t| | ||
| 008 | 101130s1926 fr ||||1| fre d | ||
| 080 | _a821.133.1-22"18" | ||
| 100 | 1 |
_aDumas, Alexandre, _d1824-1895 _9241136 |
|
| 245 | 1 | 3 |
_aLe demi-monde _b: comédie en cinq actes, en prose / _cAlexandre Dumas Fils. |
| 260 |
_aParis : _bCalmann Lévy, _cimp. 1926. |
||
| 300 |
_a181 p. ; _c19 cm. |
||
| 546 | _aTexto en francés. | ||
| 852 |
_aES-MaACL _jE-13724 |
||
| 999 |
_c175906 _d175906 |
||